The life and entertaining adventures of Mr. Cleveland : natural son of Oliver Cromwell, written by himself. ... In four volumes. ...

Bibliographic Details
Main Author: Prévost, abbé, 1697-1763
Format: eBook
Language:English
Series:Eighteenth century collections online.
Online Access:Full text online

MARC

Tag First Indicator Second Indicator Subfields
LEADER 00000cam a2200000 4500
001 in00001908156
006 m | d |
007 cr |n||||||||n
008 810811s1734 enk|||| s 00||||eng d
005 20260406224944.5
035 |a (CStRLIN)ESTCT127130 
040 |a Uk-ES  |c Uk-ES  |d CStRLIN  |d Thomson Gale  |d UtOrBLW 
100 1 |a Prévost,  |c abbé,  |d 1697-1763. 
240 1 0 |a Philosophe anglois.  |l English 
245 1 4 |a The life and entertaining adventures of Mr. Cleveland :  |b natural son of Oliver Cromwell, written by himself. ... In four volumes. ... 
264 3 |a London :  |b printed for T. Astley,  |c 1734. 
300 |a 4 volumes ;  |c 12⁰. 
336 |a text  |b txt  |2 rdacontent 
337 |a computer  |b c  |2 rdamedia 
338 |a online resource  |b cr  |2 rdacarrier 
500 |a A translation of Antoine François Prévost d'Exiles's novel 'Le philosophe anglois'. 
500 |a Reproduction of original from the British Library. 
510 4 |a English Short Title Catalog,  |c ESTCT127130. 
533 |a Electronic reproduction.  |b Farmington Hills, Mich. :  |c Thomson Gale,  |d 2003.  |n Available via the World Wide Web.  |n Access limited by licensing agreements  |7 s2003 miunns 
500 |a Electronic resource. 
830 0 |a Eighteenth century collections online. 
856 4 0 |u http://proxy.library.tamu.edu/login?url=https://galenet.galegroup.com/servlet/ECCO?c=1&stp=Author&ste=11&af=BN&ae=T127130&tiPG=1&dd=0&dc=flc&docNum=CW109230605&vrsn=1.0&srchtp=a&d4=0.33&n=10&SU=0LRK&locID=txshracd2898  |z Full text online  |t 0 
999 |a MARS 
999 f f |s 82167763-a27b-3afe-9800-14fa426d8f98  |i 34b6271a-e176-3343-8c39-665074e12f96  |t 0 
952 f f |a Texas A&M University  |b College Station  |c Electronic Resources  |s www_evans  |d Available Online  |t 0  |h No information provided 
998 f f |t 0  |l Available Online